000 00561nam a22002057a 4500
003 LCc
005 20140311162958.0
008 130218t xxu||||| |||| 00| 0 eng d
020 _a0781773687
050 _aR 123
_b.M394 2005
245 _aMedical terminology made incredibly easy
250 _a2nd ed.
260 _aPhiladelphia
_bLippincott Williams & Wilkins
_cc2005
300 _avi, 377 p. :
_c23 cm.
_b ill. (some col.)+ 1 CD-ROM (4 3/4 in.) ;
521 _aNUR
526 _c1210L-1700L
562 _e1
942 _2lcc
_cBK
_kFOR
999 _c39110
_d39110